| 000 | 00428cam a2200169ua 4500 | ||
|---|---|---|---|
| 003 | OSt | ||
| 008 | 240203b |||||||| |||| 00| 0 eng d | ||
| 041 | _aeng | ||
| 082 |
_a634.9 _bBRI/IN |
||
| 100 |
_aAjaz, S M . _95802 |
||
| 245 | _aCareer`s guide to Indian forest service exam / | ||
| 250 | _a28 / | ||
| 260 |
_a : _bBright careers institute , _c1998. |
||
| 300 | _a914 ; . | ||
| 700 | 1 |
_aPhull, D S . _95803 |
|
| 942 | _cBK | ||
| 999 |
_c8008 _d8008 |
||